Statistics for Top 10 Formula One Drivers Starting With 'K'

Click here to take the quiz!

General Stats

  • This quiz has been taken 48 times
  • The average score is 6 of 10

Answer Stats

Lp.NationalityCareerDriver% Correct
1Polish2006-2021Robert Kubica
100%
2Finnish2007-2013Heikki Kovalainen
91%
5Japanese2009-2014Kamui Kobayashi
87%
3Russian2014-2020Daniil Kvyat
84%
8Indian2005-2012Narain Karthikeyan
53%
7Austrian2004-2010Christian Klien
51%
6Japanese1992-1997Ukyo Katayama
40%
4German1954-1955Karl Kling
24%
9British1977-1982Rupert Keegan
11%
10Irish1980David Kennedy
9%

Score Distribution

Percentile by Number Answered

Percent of People with Each Score

Your Score History

You have not taken this quiz